Reliez les Dieux grecs à leur attribut - Statistiques

Statistiques générales
  • Ce quiz a été pris 2 927 fois
  • Le résultat moyen est 8 sur 12
Statistiques - réponses
Hint Réponse % Correct
Poséidon
96%
Zeus
94%
Dionysos
83%
Héphaïstos
73%
Artémis
68%
Athéna
65%
Apollon
61%
Hermès
57%
Héra
55%
Déméter
51%
Thémis
34%
Hadès
26%
Aucun quiz correspondant
Distribution des résultats
% des personnes avec chaque résultat
Percentile par nombre de réponses
Votre historique - résultats
Vous n’avez pas pris ce quiz